Logo BPK

Biblioteka

Politechniki Koszalińskiej

CAD SPACE : (Rekord nr 30725)

Szczegóły MARC
000 -ETYKIETA REKORDU
podpole kontrolne o stałej długości 00836nam a2200229 i 4500
001 - NUMER KONTROLNY REKORDU
pole kontrolne bg
040 ## - ŹRÓDŁO KATALOGOWANIA
Instytucja, która utworzyła rekord BPK
041 0# - KOD JĘZYKA
Kod języka tekstu plen
Kod języka streszczenia lub abstraktu plen
080 ## - UNIWERSALNA KLASYFIKACJA DZIESIĘTNA - UKD
UKD 72.01/.02:681.322.004
008 - POLE O STAŁEJ DŁUGOŚCI - DANE KONTROLNE
podpole kontrolne o stałej długości s pl f |000 0 pol
245 00 - TYTUŁ/ODPOWIEDZIALNOŚĆ
Tytuł CAD SPACE :
Ciąg dalszy tytułu III International Conference "Computer in architectural design", [Białystok, Poland, 27-29 April 1995] /
Pozostałe elementy strefy tytułu i oznaczenia odpowiedzialności [Wydział Architektury Politechniki Białostockiej].
246 1# - WARIANT TYTUŁU
Tytuł Computer in architectural design
260 ## - STREFA ADRESU WYDAWNICZEGO
Miejsce wydania [Białystok :
Nazwa wydawcy/dystrybutora PB,
Data publikacji, dystrybucji/powstania dokumentu 1995].
300 ## - STREFA OPISU FIZYCZNEGO
Objętość 308 s. :
Inne cechy fizyczne rys. ;
Rozmiary 24 cm.
504 ## - UWAGA DOTYCZĄCA BIBLIOGRAFII
Informacje o bibliografii Bibliogr. przy ref.
650 #9 - HASŁO PRZEDMIOTOWE W FORMIE NAZWY OGÓLNEJ LUB JEDNOSTKOWEJ
Nazwa ogólna lub geograficzna Architektura
Określnik ogólny projekty
-- automatyzacja
650 #9 - HASŁO PRZEDMIOTOWE W FORMIE NAZWY OGÓLNEJ LUB JEDNOSTKOWEJ
Nazwa ogólna lub geograficzna Komputery
Określnik ogólny stosowanie
-- architektura
650 #9 - HASŁO PRZEDMIOTOWE W FORMIE NAZWY OGÓLNEJ LUB JEDNOSTKOWEJ
Nazwa ogólna lub geograficzna Projektowanie
Określnik ogólny automatyzacja
650 #9 - HASŁO PRZEDMIOTOWE W FORMIE NAZWY OGÓLNEJ LUB JEDNOSTKOWEJ
Nazwa ogólna lub geograficzna Komputerowe wspomaganie projektowania |CAD
655 ## - TERMIN INDEKSOWY - OKREŚLENIE RODZAJU/FORMY DOKUMENTU
Określenie rodzaju/formy dokumentu Materiały konferencyjne
856 ## - LOKALIZACJA I DOSTĘP DO ELEKTRONICZNYCH DOKUMENTÓW ZDALNYCH
Link (URL) http://koha.tu.koszalin.pl/cgi-bin/koha/opac-detail.pl?biblionumber=30725
Tekst linku Katalog online BPK
942 ## - DODATKOWE ELEMENTY (KOHA)
Typ dokumentu Książka
Egzemplarze
Wycofany Status egzemplarza Uszkodzony Dostępność Lokalizacja stała Lokalizacja bieżąca Miejsce przechowywania Sygnatura Kod kreskowy Typ dokumentu
      Dostępny Biblioteka Politechniki Koszalińskiej Biblioteka Politechniki Koszalińskiej Wypożyczalnia BG 37568 01110715 Książka
© 2023 Biblioteka Politechniki Koszalińskiej :: KOHA